Premier League Golden Boot Winners - Statistics

General Stats
  • This quiz has been taken 37 times
  • The average score is 8 of 15
Answers on the Grid
Answers color-coded by a green-red scale on the quiz's grid according to % correct below.
Erling Haaland
Wayne Rooney
Sergio Aguero
Frank Lampard
Luis Suarez
Eden Hazard
Bukayo Saka
Carlos Tevez
Alexander Isak
Dimitar Berbatov
Jamie Vardy
Son Heung-Min
Mohammed Salah
Steven Gerrard
Didier Drogba
Fernando Torres
Harry Kane
Diego Costa
Roberto Firmino
Robin Van Persie
Marcus Rashford
Ollie Watkins
Romelu Lukaku
Sadio Mane
Pierre-Emerick Aubameyang
Gareth Bale
Christiano Ronaldo
Nicolas Anelka
Wilfried Zaha
Jermaine Defoe
 
Answer Stats
Answer % Correct
Erling Haaland
96%
Mohammed Salah
71%
Christiano Ronaldo
63%
Harry Kane
63%
Luis Suarez
63%
Sergio Aguero
63%
Robin Van Persie
58%
Jamie Vardy
54%
Son Heung-Min
50%
Didier Drogba
46%
Dimitar Berbatov
46%
Sadio Mane
42%
Nicolas Anelka
38%
Pierre-Emerick Aubameyang
38%
Carlos Tevez
29%
No matching quizzes found
Score Distribution
Percent of People with Each Score
Percentile by Number Answered
Your Score History
You have not taken this quiz